000 00367nam a2200133Ia 4500
008 151001s9999||||xx |||||||||||||| ||und||
100 _aBoatwright Howard
245 2 _aA handbook on staff Notaton for indian music
250 _a1
260 _bBharatiya Vidye Bhavan
260 _c1960
300 _a56
365 _b25
999 _c976572
_d976569